000 00720 a2200205 4500
999 _c5987
_d5987
020 _a9780123918789 (alk. paper)
050 0 0 _aQC355.3 GIL 2012
100 1 _aGilbert, Pupa.
_eauthor
245 1 0 _aPhysics in the arts /
_cP.U.P.A. Gilbert and W. Haeberli.
250 _aRevised edition
264 _aAmsterdam:
_bElsevier,
_c2012
300 _axiii, 312 p. :
_bcol. ill. ;
500 _aIncludes index
504 _aIncludes bibliographical references and index.
650 0 _aLight.
650 0 _aMusic
_xAcoustics and physics.
700 1 _aHaeberli, W.
_q(Willy)
942 _2lcc
_cBK
_eRevised
_h355.3
_iGIL
_k2012